The Only Remaining MLB Team... - Statistics

General Stats
  • This quiz has been taken 148 times
  • The average score is 14 of 30
Answer Stats
Hint Answer % Correct
Stadium is over 100 years old Red Sox
93%
More than 100 years between World Series wins Cubs
91%
First professional baseball team Reds
83%
Kayakers anticipate home runs Giants
81%
Moved out of New York Dodgers
79%
Has more than 20 Hall of Famers Yankees
79%
Once Canadian Nationals
77%
Same team name as an NFL franchise Cardinals
74%
Moved four times Athletics
62%
Were once called the Beaneaters Braves
56%
Shares a city with another team White Sox
56%
Only major pro sports team in its city Padres
48%
Won more than 110 games in a season Mariners
46%
Changed leagues Brewers
44%
Lost more than 115 games in a season Rockies
41%
Is in the Midwest Royals
38%
Won all its World Series appearances Marlins
34%
No World Series champhionships Rays
34%
Center field is 420 feet Tigers
29%
Hit more than 300 home runs in a season Twins
28%
Hasn't lost 100 games in a season Angels
27%
1970s expansion team Blue Jays
26%
Won five World Series Pirates
26%
Pitchers won the Cy Young Award seven times Mets
23%
Made five #1 overall draft picks Astros
21%
13 players in the Hall of Fame Guardians
21%
Eight players who won regular season MVP Phillies
20%
Is a team Orioles
15%
No pitchers have won the Cy Young Award Rangers
15%
Stadium seats more than 45,000 Diamondbacks
14%
No matching quizzes found
Score Distribution
Percent of People with Each Score
Percentile by Number Answered
Your Score History
You have not taken this quiz